000 00510nam a2200181Ia 4500
008 240729s9999 xx 000 0 und d
022 _a2499-2674
245 0 _aTerritorio Italia
260 _aItaly
260 _bAgenzia delle Entrate
650 _a Cadastral mapping
650 _a Cartography
650 _a Mathematical geography. Cartography
650 _aGeography. Anthropology. Recreation
856 _uhttps://doaj.org/toc/db456fce2f0c4dc2a2e47eb5aeb4e2bf
942 _2ddc
942 _cDOAJEJ
999 _c68071
_d68071
945 _a1
_bMadushi Gamage
_c1
_dMadushi Gamage